Our iceberg is melting (Record no. 123712)

MARC details
000 -LEADER
fixed length control field 00572nam a2200217Ia 4500
003 - CONTROL NUMBER IDENTIFIER
control field OSt
005 - DATE AND TIME OF LATEST TRANSACTION
control field 20260216151045.0
008 - FIXED-LENGTH DATA ELEMENTS--GENERAL INFORMATION
fixed length control field 210210b2017 xxu||||| |||| 00| 0 eng d
020 ## - INTERNATIONAL STANDARD BOOK NUMBER
International Standard Book Number 9781509830114
040 ## - CATALOGING SOURCE
Transcribing agency AL
041 ## - LANGUAGE CODE
Language code of text/sound track or separate title eng
082 ## - DEWEY DECIMAL CLASSIFICATION NUMBER
Classification number 650.1 KOTO
100 ## - MAIN ENTRY--PERSONAL NAME
Personal name John Kotter
9 (RLIN) 255105
245 ## - TITLE STATEMENT
Title Our iceberg is melting
Remainder of title : changing and succeeding under any conditions
260 ## - PUBLICATION, DISTRIBUTION, ETC.
Place of publication, distribution, etc. UK
Name of publisher, distributor, etc. Macmillan & Co. Ltd.
Date of publication, distribution, etc. 2017
300 ## - PHYSICAL DESCRIPTION
Extent x,159p
690 ## - LOCAL SUBJECT ADDED ENTRY--TOPICAL TERM (OCLC, RLIN)
Topical term or geographic name as entry element Business Studies
9 (RLIN) 255107
700 ## - ADDED ENTRY--PERSONAL NAME
Personal name Holger Rathgeber
9 (RLIN) 255108
906 ## - LOCAL DATA ELEMENT F, LDF (RLIN)
a 073927
942 ## - ADDED ENTRY ELEMENTS (KOHA)
Source of classification or shelving scheme Dewey Decimal Classification
Koha item type Book
Holdings
Withdrawn status Lost status Source of classification or shelving scheme Damaged status Not for loan Collection code Home library Current library Date acquired Source of acquisition Cost, normal purchase price Total Checkouts Full call number Barcode Date last seen Price effective from Koha item type
    Dewey Decimal Classification     Management St Aloysius Library St Aloysius Library 02/17/2021 Biblios Book Point, Surathkal-575014 499.00   650.1 KOTO 073927 02/17/2021 02/17/2021 Book